00662nam a2200229 a 4500001001300000003000900013005001700022008004100039020000900080082001700089100001400106245001700120260004900137300000900186500003500195650002800230700001400258902000800272942000700280952012800287999001700415nice12345678IN_TiNIC20260116013945.0070620s1972 newa grp 000 0 eng  ac2800a922.97bMUJ1 aMujeeb, M aZakir Husain aNew DelhibNational Book Trust, India c1972 a248p aincludes index and biblioraphy aZakir Hussain-Biography1 aMujeeb, M bSRS cBK 001040708StackRoom-aHMIbHMId2007-06-20g28.00l1o922.97 MUJ1p018547r2022-07-13s2022-07-13v28.00w2007-06-20yBK c13255d13255